1296 1203 1546 1893 1547 1533 1305 1312 1802 1464 1236 1680 1333 1876 1591 1548 1758 1452 1795 1054 1436 1052 1315 1089 1008 1058 1219 1965 1987 1722 1006 1465 1020 1067 1261 1156 1709 1438 1573 1141 1080 1826 1938 1853 1630 1502 1844 1400 1884 1678 1589 1842 1043 1322 1807 1198 1663 1187 1814 1524 1614 1080 1993 1321 1948 1020 1834 1836 1142 1493 1621 1836 1715 1884 1063 1974 1433 1135 1535 1302 1455 1020 1185 1165 1012 1276 1350 1917 1136 1595 1208 1878 1622 1067 1468 1640 1694 1211 1515 BCNSPRNW ULIB Ver.6.0+V

เปลี่ยนเป็นภาษาไทย

Change to English
 แสดงรายละเอียดบรรณานุกรม
  กลับหน้าหลัก

Brief Record : Get Marc (ISO 2709) : E-mail record : QR code < ปิดหน้าต่าง
LEADER : 00000nam 2200000uu 4500
001    13399123399
003     ULIB
008    020711s2557 th a 000 0 tha d
020    9786167661223
060  4 WY18.2^bว464ต
100    วาทินี สุขมาก
245    ตะลุยข้องสอบการปฏิบัติการพยาบาลเบื้องต้น1/^cวาทินี สุขมาก
250    พิมพ์ครั้งที่ 1
260    กรุงเทพฯ :^bกากะเยียสำนักพิมพ์,^c2557
300    132 หน้า;^b21 ซม.
650    การปฏิบัติการพยาบาลเบื้องงต้น1^xข้อสอบ
945    ^p129^l0^i20467
945    ^p129^l0^i20468
945    ^p129^l0^i20469
945    ^p129^l0^i20470
945    ^p129^l0^i20471
945    ^p129^l0^i20472
945    ^p129^l0^i20473
999    ^aทศพร เกษรทอง
รายการนี้ยังไม่มีแท็ก
คุณยังไม่ได้ล็อกอิน คุณสามารถมีกิจกรรมร่วมกับเว็บไซต์ได้ แต่ต้องล็อกอินก่อน ::
  ล็อกอิน

รายการสื่อสารสนเทศ

ลำดับที่ ประเภท เลขเรียก/บาร์โค้ด สถานที่ สถานะ
1. Book การพยาบาล
หนังสือสำรอง
สถานะ=หนังสือสำรอง
WY18.2 ว464ต ฉ.1 
  Barcode: 20467
ห้องสมุดวิทยาเขตนครสวรรค์
►หนังสือทั่วไป:l:General Books
บนชั้น
2. Book การพยาบาล
Book การพยาบาล
WY18.2 ว464ต ฉ.2 
  Barcode: 20468
ห้องสมุดวิทยาเขตนครสวรรค์
►หนังสือทั่วไป:l:General Books
บนชั้น
3. Book การพยาบาล
Book การพยาบาล
WY18.2 ว464ต ฉ.3 
  Barcode: 20469
ห้องสมุดวิทยาเขตนครสวรรค์
►หนังสือทั่วไป:l:General Books
บนชั้น
4. Book การพยาบาล
Book การพยาบาล
WY18.2 ว464ต ฉ.4 
  Barcode: 20470
ห้องสมุดวิทยาเขตนครสวรรค์
►หนังสือทั่วไป:l:General Books
บนชั้น
5. Book การพยาบาล
Book การพยาบาล
WY18.2 ว464ต ฉ.5 
  Barcode: 20471
ห้องสมุดวิทยาเขตนครสวรรค์
►หนังสือทั่วไป:l:General Books
บนชั้น
6. Book การพยาบาล
Book การพยาบาล
WY18.2 ว464ต ฉ.6 
  Barcode: 20472
ห้องสมุดวิทยาเขตนครสวรรค์
►หนังสือทั่วไป:l:General Books
บนชั้น
7. Book การพยาบาล
Book การพยาบาล
WY18.2 ว464ต ฉ.7 
  Barcode: 20473
ห้องสมุดวิทยาเขตนครสวรรค์
►หนังสือทั่วไป:l:General Books
บนชั้น

รายการใกล้เคียง
    ผู้แต่ง [วาทินี สุขมาก]

BibComment


ยังไม่เคยถูกคอมเมนท์

คอมเมนท์ทรัพยากรรายการนี้
  คอมเมนท์: ตะลุยข้องสอบการปฏ..


 Copyright 2026. Bcnsprnw @Library